Quick Pick: Count to 20 in Portuguese Quiz Stats

 Plays Quiz Updated Oct 14, 2017

Challenge
Share
Tweet
Embed
Score 0/20 Timer 01:30
2 Plays Today
% Correct
um
92.7%
quatro
89.9%
sete
89.5%
seis
88.8%
nove
87.9%
três
87.7%
oito
86.7%
treze
84%
catorze
82.8%
quinze
82.3%
% Correct
dezanove
82.1%
onze
82%
dezassete
81.6%
cinco
80.9%
dez
80.8%
dois
80.3%
doze
80.3%
dezasseis
78.9%
dezoito
77.8%
vinte
77.5%

Today's Daily Dose

Missing Word
New England Movies

Word Ladder
Royal Titles

Get the Picture
Big 4 'B' All-Stars

You're not logged in!

Compare scores with friends on all Sporcle quizzes.
OR
Log In

You Might Also Like...

Show Comments

Extras

Top Quizzes Today


Score Distribution

Your Account Isn't Verified!

In order to create a playlist on Sporcle, you need to verify the email address you used during registration. Go to your Sporcle Settings to finish the process.

Report this User

Report this user for behavior that violates our Community Guidelines.

Details: